| 000 | 00879nam a22002775a 4500 | ||
|---|---|---|---|
| 008 | 171123t2011 xxua|||gr|||| 001 0 eng d | ||
| 020 | _a9780199203185 | ||
| 040 |
_aEG-ScBUE _beng _cEG-ScBUE |
||
| 082 | 0 | 4 |
_222 _a327.4109767 _bMAC |
| 100 | 1 | _aMacLean, Gerald M. | |
| 245 |
_aBritain and the Islamic world, 1558-1713 / _cGerald M. MacLean, |
||
| 260 |
_aNew York : _bOxford University Press, _c2011. |
||
| 300 |
_axi, 335 p. : _bill ; _c24 cm. |
||
| 504 | _aIncludes bibliographical references | ||
| 590 | _aSuzan Ashmawy | ||
| 650 | 7 |
_2BUEsh _aGreat Britain, _xRelations. |
|
| 650 | 7 |
_2BUEsh _aChristianity |
|
| 650 | 7 |
_2BUEsh _aIslam |
|
| 650 | 7 |
_2BUEsh _aInterfaith relations |
|
| 650 | 7 |
_2BUEsh _aIslamic countries |
|
| 650 | 7 |
_2BUEsh _aDiplomatic relations |
|
| 650 | 7 |
_2BUEsh _aInternational relations |
|
| 651 | _2BUEsh | ||
| 700 | 1 | _aMatar, Nabil. | |
| 942 | _2ddc | ||
| 999 |
_c25656 _d25628 |
||